Gentilé des villes françaises (niveau facile) - Statistiques

Statistiques générales
  • Ce quiz a été pris 241 fois
  • Le résultat moyen est 14 sur 15
Statistiques - réponses
Hint Réponse % Correct
Lille Lillois
100%
Lyon Lyonnais
100%
Marseille Marseillais
100%
Nice Niçois
100%
Bordeaux Bordelais
99%
Nantes Nantais
99%
Strasbourg Strasbourgeois
99%
Brest Brestois
98%
Toulon Toulonnais
98%
Paris Parisiens
96%
Rennes Rennais
96%
Toulouse Toulousains
96%
Clermont-Ferrand Clermontois
81%
Angers Angevins
80%
Amiens Amiénois
73%
Aucun quiz correspondant
Distribution des résultats
% des personnes avec chaque résultat
Percentile par nombre de réponses
Votre historique - résultats
Vous n’avez pas pris ce quiz